| 000 | 00698nam a2200217 a 4500 | ||
|---|---|---|---|
| 005 | 20210223125821.0 | ||
| 008 | 060223s2000 mx r 000 0 spa d | ||
| 020 | _a8449308151 | ||
| 035 | _aUPN01000142684 | ||
| 049 | _aCG | ||
| 050 | 4 |
_aBF717 _bT4.4 |
|
| 100 | 1 |
_aTerr, Lenore, _d1936- |
|
| 245 | 1 | 3 |
_aEl juego : _bpor qué los adultos necesitan jugar / _cLenore Terr ; tr. Irene Núñez Aréchaga. |
| 260 |
_aBarcelona, Esp. : _bPaidós, _c2000. |
||
| 300 | _a237 p. | ||
| 440 | 0 |
_aPaidós contextos ; _v47 |
|
| 534 |
_pTítulo original: _tBeyond love and work |
||
| 650 | 4 |
_aJUEGOS - _xASPECTOS PSICOLOGICOS _915393 |
|
| 650 | 4 |
_aEDAD ADULTA - _xASPECTOS PSICOLOGICOS _93659 |
|
| 905 | _aLibro | ||
| 999 |
_c114831 _d114831 |
||